Tiempo de silencio
Spremljeno u:
| Glavni autor: | |
|---|---|
| Format: | Knjiga |
| Jezik: | Undetermined |
| Izdano: |
Barcelona, España
Editorial Seix Barral
1962
|
| Teme: | |
| Oznake: |
Dodaj oznaku
Bez oznaka, Budi prvi tko označuje ovaj zapis!
|
MARC
| LEADER | 00000nam a2200000Ia 4500 | ||
|---|---|---|---|
| 008 | 170316s9999 xx 000 0 und d | ||
| 040 | |a cru BVZT | ||
| 090 | |a 862 M-21t | ||
| 100 | |a Martín - Santos, Luis | ||
| 245 | |a Tiempo de silencio | ||
| 260 | |a Barcelona, España | ||
| 260 | |b Editorial Seix Barral | ||
| 260 | |c 1962 | ||
| 300 | |a 222 páginas | ||
| 650 | |a LITERATURA ESPAÑOLA | ||
| 650 | |a NOVELA | ||
| 999 | |c 10119 |d 10119 | ||
| 942 | |c 15 D |h 862 M-21t |2 z | ||
